| 000 | 01146cam a22002894a 4500 | ||
|---|---|---|---|
| 001 | 14471520 | ||
| 003 | ARRUPE | ||
| 005 | 20220401100038.0 | ||
| 008 | 060728s2006 caua 000 0 eng | ||
| 010 | _a 2006024337 | ||
| 020 | _a9781583941768 (pbk.) | ||
| 040 |
_aDLC _cDLC _dDLC |
||
| 042 | _apcc | ||
| 050 | 0 | 0 |
_aGV1796.C145 _bT387 2006 |
| 082 | 0 | 0 |
_a793.31981 _222 |
| 100 | 1 |
_aTaylor, Gerard, _d1960- _951127 |
|
| 245 | 1 | 0 |
_aCapoeira 100 : _ban illustrated guide to the essential movements and techniques / _cGerard Taylor ; photography by Anders Kjaergaard and Sue Parkhill. |
| 246 | 3 | _aCapoeira one hundred | |
| 260 |
_aBerkeley, Calif. : _bBlue Snake Books, _c2006. |
||
| 300 |
_a302 p. : _bcol. ill. ; _c27 cm. |
||
| 650 | 0 |
_aCapoeira (Dance) _xTraining. _951128 |
|
| 650 | 0 |
_aExercise. _943600 |
|
| 856 | 4 | 1 |
_3Table of contents only _uhttp://www.loc.gov/catdir/toc/ecip0618/2006024337.html |
| 906 |
_a7 _bcbc _corignew _d1 _eecip _f20 _gy-gencatlg |
||
| 942 |
_2lcc _cMONOGRAPH |
||
| 999 |
_c131198 _d131198 |
||